000 00357 a2200109 4500
001 ART_46295
005 20260410161925.0
008 260409a
245 1 0 _aOn the evolution of altruistic ethical rules for siblings
100 1 _aBergstrom, Theodore C.
773 0 _tThe American Economic Review
_g- Vol. 85, NÂș 1 (mar. 1995)
_wREV16190
999 _c28091
_d28091